000 00275nam a22001217a 4500
082 _a823
_bPAI/P
100 _aPAI, ANAND
245 _aPANCHTANTRA AND OTHER STORIES
260 _aBOMBAY
_bINDIA BOOK HOUSE
_c1999
300 _a31
650 _aENGLISH STORY
_zINDIA
942 _cBK
999 _c7433
_d7433